Quiz de Animais com a Letra B - Statistics

Estatísticas Gerais
  • Esse quiz foi jogado 164 vezes
  • A pontuação média é 7 de 24
Estatísticas das Respostas
Dica Resposta % Correto
Mamífero Baleia Azul
87%
Mamífero Baleia Jubarte
87%
Antropode Besouro Casca
51%
Antropode Besouro da Batata
51%
Antropode Besouro do chão dourado
51%
Antropode Besouro Hércules
51%
Antropode Borboleta
48%
Peixe Baiacu Espinho
45%
Mamífero Búfalo
39%
Ave Beija Flor
36%
Antropode Barata
35%
Mamífero Babuíno
32%
Antropode Bicho Licheiro
20%
Peixe Bacalhau
19%
Mamífero Beluga
17%
Mamífero Bisonte
11%
Peixe Barracuda
10%
Mamífero Bugio
5%
Ave Bacurau
4%
Ave Bufo Real
1%
Mamífero Binturong
1%
Peixe Brema
0%
Mamífero Bandicoot
0%
Mamífero Boi Almiscarado
0%
Nenhum quiz correspondente encontrado
Distribuição das Pontuações
Porcentagem de Pessoas com Cada Pontuação
Percentil de Números Respondidos
Sua Pontuação Histórica
Você não jogou esse quiz